00597 2200193 4500001002100000005001700021008004100038035002500079082001000104090001700114100001900131245012100150260002800271300003300299500002700332650001700359850001200376990001500388YOGYA-0209000001649920150406160446.0 ind  a0010-020900000016499 a398.8 a398.8bSig K aSIGIT, Suhardi aKata-kata mutiara terpilih dari kitab Su Si, alkitab, Al-Qur an, pepatah, petuah dan peribahasacoleh Soehardi Sigit aYogyakartab[s.n]c1993 av, 122 hlm. :bilus,c21 cm. aBibliografi : hlm. 122 aKata mutiara aYOPDYOG a52789-P/94